Europäische Länder von A-Z - Statistiken

Allgemein
  • Dieses Quiz wurde 496 mal gespielt
  • Das Durchschnittsergebnis liegt bei 17 aus 18
Antwortstatistiken
Hint Antwort % Korrekt
B Belgien +3
100%
D Deutschland +1
100%
F Frankreich +1
99%
L Luxemburg +3
97%
S Spanien +6
97%
E Estland
96%
I Italien +2
96%
R Russland +1
96%
A/Ä Albanien +1
95%
N Niederlande +2
95%
P Polen +1
95%
O/Ö Österreich
94%
M Montenegro +3
93%
U/Ü Ukraine +1
92%
G Griechenland
91%
K Kroatien +1
90%
V Vereinigtes Königreich +1
90%
T Tschechien
73%
Keine übereinstimmenden Quizze gefunden
Verteilung der Resultate
Anzahl Personen mit jedem Resultat
Perzentil nach korrekt beantworteten Fragen
Ihre Resultats-Entwicklung
Sie haben dieses Quiz noch nicht gespielt